00472nam a2200205Ia 4500003000900000008004100009040001300050040001300063041000800076100001900084245003900103250001200142260001200154260000900166300001100175300001200186490002500198490000800223600003500231IT-RoPAU120407s9999 xx 000 0 und d aIT-RoPAU cIT-RoPAU aita aSilverio Zedda aPrima lettura di San Paolo. 5a ed. aBrescia aPaideia c1973 a841 p. c22,5 cm aBiblioteca teologica v110 a1. Bibbia. N.T. Paolo: lettere